<?xml version="1.0" encoding="UTF-8"?>
<record
    xmlns:xsi="http://www.w3.org/2001/XMLSchema-instance"
    xsi:schemaLocation="http://www.loc.gov/MARC21/slim http://www.loc.gov/standards/marcxml/schema/MARC21slim.xsd"
    xmlns="http://www.loc.gov/MARC21/slim">

  <leader>00533nam a2200205Ia 4500</leader>
  <controlfield tag="003">OSt</controlfield>
  <controlfield tag="005">20251204110526.0</controlfield>
  <datafield tag="020" ind1=" " ind2=" ">
    <subfield code="a">978-0-07-110719-8</subfield>
  </datafield>
  <datafield tag="040" ind1=" " ind2=" ">
    <subfield code="c">LC</subfield>
  </datafield>
  <datafield tag="050" ind1=" " ind2=" ">
    <subfield code="a">HD30.28 .P 43 2007</subfield>
    <subfield code="b">1</subfield>
  </datafield>
  <datafield tag="100" ind1=" " ind2=" ">
    <subfield code="a">PEARCE JOHN A.</subfield>
  </datafield>
  <datafield tag="245" ind1=" " ind2="0">
    <subfield code="a">STRATEGIC MANAGEMENT: FORMULATION, IMPLEMENTATION AND CONTROL </subfield>
  </datafield>
  <datafield tag="250" ind1=" " ind2=" ">
    <subfield code="a">10</subfield>
  </datafield>
  <datafield tag="260" ind1=" " ind2=" ">
    <subfield code="a">BOSTON,</subfield>
    <subfield code="b">McGRAW-HILL IRWIN,</subfield>
    <subfield code="c">2007,</subfield>
  </datafield>
  <datafield tag="300" ind1=" " ind2=" ">
    <subfield code="a">XXiX, 426 P, ILL</subfield>
  </datafield>
  <datafield tag="500" ind1=" " ind2=" ">
    <subfield code="a">INCLUDES INDEX</subfield>
  </datafield>
  <datafield tag="650" ind1=" " ind2=" ">
    <subfield code="a"> Strategic planning</subfield>
  </datafield>
  <datafield tag="700" ind1=" " ind2=" ">
    <subfield code="a">ROBINSON RICHARD B</subfield>
  </datafield>
  <datafield tag="942" ind1=" " ind2=" ">
    <subfield code="c">SL</subfield>
    <subfield code="2">lcc</subfield>
    <subfield code="n">0</subfield>
  </datafield>
  <datafield tag="999" ind1=" " ind2=" ">
    <subfield code="c">61187</subfield>
    <subfield code="d">61187</subfield>
  </datafield>
  <datafield tag="952" ind1=" " ind2=" ">
    <subfield code="0">0</subfield>
    <subfield code="1">0</subfield>
    <subfield code="2">lcc</subfield>
    <subfield code="4">0</subfield>
    <subfield code="7">0</subfield>
    <subfield code="8">RSV</subfield>
    <subfield code="a">KSUL</subfield>
    <subfield code="b">KSUL</subfield>
    <subfield code="c">DISPLAY</subfield>
    <subfield code="d">2023-09-15</subfield>
    <subfield code="i">0090</subfield>
    <subfield code="l">0</subfield>
    <subfield code="o">HD 30.28 .P 43 2007</subfield>
    <subfield code="p">000000001600</subfield>
    <subfield code="r">2023-09-15 11:25:00</subfield>
    <subfield code="t">1</subfield>
    <subfield code="w">2023-09-15</subfield>
    <subfield code="y">SL</subfield>
  </datafield>
  <datafield tag="952" ind1=" " ind2=" ">
    <subfield code="0">0</subfield>
    <subfield code="1">0</subfield>
    <subfield code="2">lcc</subfield>
    <subfield code="4">0</subfield>
    <subfield code="7">0</subfield>
    <subfield code="8">BUS</subfield>
    <subfield code="a">KSUL</subfield>
    <subfield code="b">KSUL</subfield>
    <subfield code="c">DISPLAY</subfield>
    <subfield code="d">2023-09-15</subfield>
    <subfield code="i">60091</subfield>
    <subfield code="l">0</subfield>
    <subfield code="o">HD 30.28 .P 43 2007	</subfield>
    <subfield code="r">2023-09-15 11:25:00</subfield>
    <subfield code="w">2023-09-15</subfield>
    <subfield code="y">BK</subfield>
  </datafield>
  <datafield tag="952" ind1=" " ind2=" ">
    <subfield code="0">0</subfield>
    <subfield code="1">0</subfield>
    <subfield code="2">lcc</subfield>
    <subfield code="4">0</subfield>
    <subfield code="7">0</subfield>
    <subfield code="8">BUS</subfield>
    <subfield code="a">KSUL</subfield>
    <subfield code="b">KSUL</subfield>
    <subfield code="c">DISPLAY</subfield>
    <subfield code="d">2023-09-15</subfield>
    <subfield code="l">0</subfield>
    <subfield code="o">HD 30.28 .P 43 2007</subfield>
    <subfield code="p">1882</subfield>
    <subfield code="r">2023-09-15 11:25:00</subfield>
    <subfield code="w">2023-09-15</subfield>
    <subfield code="y">BK</subfield>
  </datafield>
</record>
